LIBRARY & INFORMATION CENTRE, KCAET, TAVANUR

ONLINE PUBLIC ACCESS CATALOGUE (OPAC)

Engineering mechanics and strength of materials (Record no. 200)

MARC details
000 -LEADER
fixed length control field 00488cam a2200181ua 4500
020 ## - INTERNATIONAL STANDARD BOOK NUMBER
ISBN 81-7008-064-9
041 ## - LANGUAGE CODE
Language code of text/sound track or separate title eng
082 ## - DEWEY DECIMAL CLASSIFICATION NUMBER
Classification number 620.101
Item number DHA/E
100 ## - MAIN ENTRY--AUTHOR NAME
Personal name Dhawan, R K.
245 ## - TITLE STATEMENT
Title Engineering mechanics and strength of materials
250 ## - EDITION STATEMENT
Edition statement 1 /
260 ## - PUBLICATION, DISTRIBUTION, ETC. (IMPRINT)
Place of publication New Delhi :
Name of publisher Katson publishing house & B .D Kataria & Sons ,
Year of publication 1987.
300 ## - PHYSICAL DESCRIPTION
Number of Pages 374 ; .
942 ## - ADDED ENTRY ELEMENTS (KOHA)
Koha item type Books
Holdings
Withdrawn status Lost status Damaged status Home library Current library Date acquired Full call number Accession Number Koha item type
      KAUAET KAUAET 07/04/2012 620.101 DHA/EN 19309 Books
free website counter